000 nam a22 a 4500
999 _c4694
_d4694
003 AKMAL
005 20170728112710.0
008 170728s2017 my | e l 000 0 eng d
020 _cRM 20.00
082 0 4 _a343.595032 MAL
_222
090 0 0 _a343.595032
_bMAL
110 1 _aMalaysia
_9400
240 1 0 _aAkta Wang Tak Dituntut, 1965.
_lEnglish
245 1 0 _aUnclaimed Moneys Act 1965 (Revised -1989) (Act 370) :
_b(As at January 2003) /
_ccompiled by Legal Research Board
260 _aKuala Lumpur :
_bMDC Publishers Sdn. Bhd,
_c2017
300 _a16p. ;
_c24cm.
650 1 0 _aMoney
_xLaw and legislation
_zMalaysia
_98486
710 2 _aLembaga Penyelidikan Undang-Undang
_99009
942 _2ddc
_cBOOK